000 00982cam a2200289 4500
001 77185
003 BD-RjUL
005 20211209082935.0
008 200301t19691950nyu b 001 0 eng
035 _a(BD-RjUL)77409
040 _aDLC
_cDLC
_dDLC
_beng
041 _aeng
082 0 0 _a821.1
_223
_bLAC 1950
100 1 _aLawrence, William Witherle,
_d1876-1958.
_9240164
245 1 0 _aChaucer and the Canterbury tales./
_cWilliam Witherle Lawrence
260 _aNew York,
_bBiblo and Tannen,
_c1969 [c1950]
300 _aix, 184 p. ;
_c21 cm.
504 _aBibliography: p. [169]-173.
600 1 0 _aChaucer, Geoffrey,
_d-1400.
_tCanterbury tales.
_9240169
650 0 _aChristian pilgrims and pilgrimages in literature.
_9240166
650 0 _aTales, Medieval
_xHistory and criticism.
_9240167
650 0 _aStorytelling in literature.
_9240168
906 _a7
_bcbc
_corignew
_d2
_eopcn
_f19
_gy-gencatlg
942 _2ddc
_cBK
999 _c77185
_d77185